Intelligence cooperation practices in the 21st century (Record no. 239081)
[ view plain ]
| 000 -LEADER | |
|---|---|
| fixed length control field | 01598nam a2200349 a 4500 |
| 245 00 - TITLE STATEMENT | |
| Title | Intelligence cooperation practices in the 21st century |
| 260 ## - PUBLICATION, DISTRIBUTION, ETC. (IMPRINT) | |
| Place of publication | Washington, D.C. : |
| Name of publisher | IOS Press, |
| Year of publication | 2010. |
| 300 ## - PHYSICAL DESCRIPTION | |
| Number of Pages | xii, 161 p. : |
| Other physical details | ill. (some col.), map. |
| 490 1# - SERIES STATEMENT | |
| Series statement | NATO science for peace and security series. E, Human and societal dynamics, |
| 650 #0 - SUBJECT ADDED ENTRY--TOPICAL TERM | |
| Topical Term | Intelligence service |
| Topical Term | International cooperation. |
| Topical Term | Security, International. |
| 700 1# - ADDED ENTRY--PERSONAL NAME | |
| Personal name | Tuzuner, Musa. |
| 856 40 - ELECTRONIC LOCATION AND ACCESS | |
| Uniform Resource Identifier | http://site.ebrary.com/lib/rucke/Doc?id=10425036 |
No items available.
